000
00292nam a22001337a 4500
008
181206b xxu||||| |||| 00| 0 eng d
020
_a
9780471681212
041
_a
eng
080
_2
3 TH
_a
510
100
_a
39
101
_a
MAT
245
_a
Applied Calculus
_c
Hallet.H
942
_2
udc
_c
BK
999
_c
52961
_d
52961